000 01085nam a2200241 i 4500
001 153643
003 ES-MaACL
005 20250905165303.0
008 931025s1765 fr ax |||| | fre d
245 0 0 _aEncyclopédie, ou dictionnaire raisonné des sciences, des arts et des métiers /
_cpar une société de gens de lettres, mis en ordre et publié par M>r<, *** ... ; tome douzieme.
260 _aA Neufchastel :
_bchez Samuel Faulche & Compagnie ...,
_c1765.
300 _a[2], 965 p. ;
_cFol.
505 8 _aContiene : Letras PARL-POL
597 1 _aSign.: [ ]\p1\s, A-Z\p4\s, 2A-2Z\p4\s, 3A-3Z\p4\s, 4A-4Z\p4\s, 5A-5Z\p4\s, 6A-6E\p4\s, F\p3\s.
597 1 _aTexto a dos col.
597 1 _aPort. con grab. xil.
650 _aEnciclopedias.
_912235
700 1 _aFaulche, Samuel y Cía.
_eimp.
_9233410
710 2 1 _aSociété de Gens de Lettres, de Savans et d'Artistes.
_9134954
752 _aSuiza -
_dNeuchâtel
852 _aES-MaACL
_jR-2121
_z-- Enc. pasta con hierros dorados
_z-- Ex-libris del Duque de Hyjar
_d-- Olim: C-10417
999 _c153643
_d153643